Statistics for Word Chain - South Africa

Click here to take the quiz!

General Stats

  • This quiz has been taken 138 times
  • The average score is 18 of 24

Answer Stats

HintAnswer% Correct
Dutch-derived languageAfrikaans
99%
First name of MandelaNelson
98%
Country surrounded by South AfricaLesotho
98%
Period of racial segregationApartheid
97%
Christiaan Barnard made the first
transplant of this organ in 1967
Heart
95%
First name of bishop TutuDesmond
95%
Administrative capitalPretoria
91%
The A in ANCAfrican
91%
The N in ANCNational
91%
Main language of JohannesburgEnglish
88%
Country that gained its independence
from South Africa in 1990
Namibia
84%
Currency of South AfricaRand
75%
Actress of "Monster" and "Bombshell"Theron
72%
The rugby union team
takes it nickname from this antelope
Springbok
72%
Most populous city of KwaZulu-NatalDurban
71%
Discovery near Johannesburg in 1886Gold
67%
Longest riverOrange
64%
Mandela's native languageXhosa
64%
Nation's first national parkKruger
51%
Neill Blomkamp movie: ________ 9District
51%
Warrior king who united the Zulu peopleShaka
45%
Tallest mountain rangeDrakensberg
39%
Areas on the outskirts of a city
reserved for non-white residents
Township
35%
Cape with Africa's southernmost pointAgulhas
22%

Score Distribution

Percentile by Number Answered

Percent of People with Each Score

Your Score History

You have not taken this quiz